| 000 | 01290nam a2200313 i 4500 | ||
|---|---|---|---|
| 001 | 77818 | ||
| 003 | ES-MaACL | ||
| 005 | 20250714064441.0 | ||
| 007 | t| | ||
| 008 | 041110s1994 fr ||||1| fre d | ||
| 020 | _a2-7177-1917-2 | ||
| 080 | _a929 Voltaire (083.824) | ||
| 080 | _a008(4)"17"(083.824) | ||
| 245 | 0 | 0 |
_aVoltaire et l'Europe _b: exposition Bibliothéque Nationale de France, Monnaie de Paris [du 29 septembre 1994 au 8 janvier 1995] / _cpréfaces de Jean Favier et Pierre Consigny ; introduction de René Pomeau ; edité et présente par Françoise Bléchet avec la collaboration de Marie-Odile Germain. |
| 260 |
_aParis : _bBibliothèque Nationale de France ; _aBruxelles : _bEditions Complexe, _c[1994] |
||
| 300 |
_a241 p. : _bil. ; _c29 cm. |
||
| 600 | 0 | 4 |
_aVoltaire, _d1694-1778- _vExposiciones _9115723 |
| 650 | 1 | 4 |
_aIlustración- _vExposiciones. _913587 |
| 655 | 7 |
_2tgfbne _9193628 _aCatálogos de exposiciones |
|
| 700 | 1 |
_aFavier, Jean. _948994 |
|
| 700 | 1 |
_aConsigny, Pierre. _940231 |
|
| 700 | 1 |
_aPomeau, René. _992915 |
|
| 700 | 1 |
_aBléchet, Françoise. _929456 |
|
| 700 | 1 |
_aGermain, Marie-Odile. _956470 |
|
| 710 | 2 |
_aBibliothèque nationale de France. _92217 |
|
| 852 |
_aES-MaACL _jL-28403 _bR.134527 |
||
| 942 | _2udc | ||
| 999 |
_c77818 _d77818 |
||